000 01901nam0a2200325 4500
001 RU\NLR\bibl\1208912
005 20250615104059.0
010 _a978-5-94821-020-9
_9200
021 _aRU
_b2008-8634
_9478
035 _a(NLR Aleph) 001195348
090 _a1743320
_c1743320
100 _a20080402d2007 |||y0rusy50 ca
101 0 _arus
102 _aRU
105 _ay |||||||||
200 1 _aСессии парламентского собрания союза Беларуси и России
_iДевятнадцатая-двадцать третья сессии 5 марта 2002 года, 14 марта 2002 года, 9 декабря 2002 года, 14-16 января 2003 года, 16 сентября 2003 года
_eинформация о сессиях, стенограмма заседаний, протоколы
_fПарламентское собрание Союза Беларуси и России
210 _aМосква
_cИздание Секретариата Парламентского Собрания
_cБиблиотечка Российской газеты
_d2007
215 _a639 с.
_d21
300 _aЗагл. обл.: Официальные материалы и документы, 2002-2003
320 _aИмен. указ. выступивших на сессии: с. 636-639
512 1 _6z01711
_aОфициальные материалы и документы, 2002-2003
601 0 2 _aСоюз Беларуси и России
_bПарламентское собрание
_jДокументы и материалы
_92136666
_3RU\NLR\auth\661288324
686 _aХ915.282.09
710 0 1 _aСоюзное государство
_bПарламентское собрание
_9824419
_3RU\NLR\AUTH\880579392
801 0 _aRU
_bNLR
_c20080402
_gRCR
801 1 _aRU
_bNLR
_c20080402
942 _cBOOK
980 _aNB